| 000 | 00000nam##2200000za#4500 |
| 001 | 9.696192 |
| 003 | CaOODSP |
| 005 | 20210624234925 |
| 007 | cr ||||||||||| |
| 008 | 150407|2001||||xxc|||||o f|0| 0 eng|d |
| 040 | |aCaOODSP|beng |
| 043 | |an-cn--- |
| 086 | 1 |aFs23-408/2001E-PDF |
| 110 | 1 |aCanada. |bDepartment of Fisheries and Oceans. |
| 245 | 14|aThe Atlantic fisheries policy review : |h[electronic resource]|bwhat we heard at public consultations, March-April 2001 |
| 246 | 1 |a"What we heard" |
| 260 | |aOttawa - Ontario : |bFisheries and Oceans Canada |cAugust 2001. |
| 300 | |a101p.|bfigs., references |
| 590 | |a12-21-Supp|b2012-05-18 |
| 690 | 07|aAtlantic provinces|2gcpds |
| 690 | 07|aFisheries|2gcpds |
| 690 | 07|aPublic hearings|2gcpds |
| 775 | 08|tRévision de la politique sur les pêches de l'Atlantique : |w(CaOODSP)9.640325 |
| 776 | 0#|t"What we heard" : |w(CaOODSP)9.663335 |
| 776 | 0#|t«Opinions exprimées» : |w(CaOODSP)9.663336 |
| 856 | 40|ahttp://publications.gc.ca|qPDF|s636 KB|uhttps://publications.gc.ca/collections/Collection/Fs23-408-2001E.pdf |